Loading...
Ancient History and Archaeology | 0 | 2 | 0 | 0 | 20 | 112 | 113.00 | 1 | 2 |
History - World History | 0 | 2 | 0 | 0 | 20 | 107 | 107.00 | 1 | 2 |
Science - Physics | 0 | 2 | 0 | 0 | 20 | 128 | 133.00 | 0 | 0 |
Other Science: Astronomy | 0 | 1 | 0 | 1 | 10 | 137 | 137.00 | 0 | 0 |
Other Science: Earth Science | 0 | 1 | 0 | 0 | 10 | 151 | 151.00 | 0 | 1 |
British and Commonwealth History | 0 | 1 | 0 | 0 | 10 | 120 | 120.00 | 1 | 1 |
History - American History | 0 | 1 | 0 | 1 | 10 | 137 | 137.00 | 0 | 1 |
Literature - American Literature | 0 | 1 | 0 | 0 | 10 | 136 | 136.00 | 0 | 1 |
Science - Biology | 0 | 1 | 0 | 1 | 10 | 142 | 142.00 | 0 | 0 |
Literature - European Literature | 0 | 1 | 0 | 0 | 10 | 134 | 134.00 | 0 | 1 |
Other Academic | 0 | 1 | 0 | 0 | 10 | 101 | 101.00 | 1 | 1 |
Literature - British Literature | 0 | 0 | 0 | 0 | 0 | 0.00 | 0 | 0 | |
Other Science: Math | 0 | 0 | 0 | 0 | 0 | 0.00 | 0 | 0 | |
Chemistry> | 0 | 0 | 1 | 0 | -5 | 0.00 | 0 | 0 | |
History - European History | 0 | 0 | 1 | 0 | -5 | 0.00 | 0 | 0 | |
Science - Chemistry | 0 | 0 | 1 | 0 | -5 | 0.00 | 0 | 0 | |
Geography | 0 | 0 | 1 | 0 | -5 | 0.00 | 0 | 0 |